| 000 | 01019nam a22002537a 4500 | ||
|---|---|---|---|
| 005 | 20120827103050.0 | ||
| 008 | 120827t xxu||||| |||| 00| 0 eng d | ||
| 010 | _aENG-105637 | ||
| 020 |
_a9788120345645 _c350.00 |
||
| 035 | _aEN-89170 | ||
| 037 | _bDBAD/PUB | ||
| 040 |
_aDPL _bEng |
||
| 082 | 0 | 0 |
_a338.4791 _222 |
| 100 | 1 | _951503 | |
| 245 | 1 | 0 |
_aSustainable and responsible tourism : _btrends, practices and cases / _cedited by Parikshat Singh Manhas |
| 260 |
_aNew Delhi _bPHI Learning _cc2012. |
||
| 270 |
_aM-97, Connaught Circus _bNew Delhi _e110001 |
||
| 300 |
_axxviii,255p. : _bill. _c24cm(pbk) |
||
| 500 | _aIncludes bibliographical references and index. | ||
| 700 |
_aManhas, Parikshat Singh _951508 |
||
| 942 |
_2ddc _cEN _h338.4791 _mSUS |
||
| 999 |
_c69316 _d69316 |
||